| 000 | 00719cam a2200205 i 4500 | ||
|---|---|---|---|
| 005 | 20251223102326.0 | ||
| 008 | 250721s2016 xx 000 0 ara d | ||
| 020 | _a9789777630979 | ||
| 082 | 1 | 4 |
_a218,51 _bب ر ك |
| 100 | 1 |
_aبركات، جاسر _eمؤلف. |
|
| 245 | 1 | 2 |
_aالوافي في خطب الجمعة والعيدين / _cتاليف جاسر بركات. |
| 250 | _aالطبعة الاولى. | ||
| 264 | 3 | 1 |
_aالقاهرة : _bمكتبة الصفا للنشر و التوزيع، _c2016. |
| 300 | _a704صفحة. | ||
| 650 | 1 | 7 | _aالوعظ والارشاد. |
| 650 | 1 | 7 | _aالخطب الدينية. |
| 650 | 1 | 7 | _aخطبة صلاة الجمعة. |
| 942 |
_2ddc _cBK |
||
| 999 |
_c136227 _d136227 |
||